000
00283nam a22001337a 4500
008
170128b xxu||||| |||| 00| 0 eng d
020
_a
0721693377
041
_a
eng
080
_a
61
100
_a
3
101
_a
SHM
245
_a
THE LUMBAR SPINE
_c
WEINSTEIN, J.N
942
_2
udc
_c
BK
999
_c
3936
_d
3936